Natale ancora (Record n. 102151)
[ formato base ]
| 000 -LEADER | |
|---|---|
| fixed length control field | 01296njm a2200313Ia 4500 |
| 001 - CONTROL NUMBER | |
| control field | 20547 |
| 003 - CONTROL NUMBER IDENTIFIER | |
| control field | IT-RoPAU |
| 005 - DATE AND TIME OF LATEST TRANSACTION | |
| control field | 20220918181151.0 |
| 008 - FIXED-LENGTH DATA ELEMENTS--GENERAL INFORMATION | |
| fixed length control field | 131025s9999 xx 000 0 und d |
| 040 ## - CATALOGING SOURCE | |
| Original cataloging agency | IT-RoPAU |
| 040 ## - CATALOGING SOURCE | |
| Transcribing agency | IT-RoPAU |
| 041 ## - LANGUAGE CODE | |
| Language code of text/sound track or separate title | ITALIANO |
| 999 ## - SYSTEM CONTROL NUMBERS (KOHA) | |
| Koha Dewey Subclass [OBSOLETE] | n.d. |
| 100 ## - MAIN ENTRY--PERSONAL NAME | |
| Personal name | Di Mario Angelo |
| 9 (RLIN) | 853 |
| 100 ## - MAIN ENTRY--PERSONAL NAME | |
| Relator term | Autore musica |
| 9 (RLIN) | 2088 |
| 100 ## - MAIN ENTRY--PERSONAL NAME | |
| Miscellaneous information | Codice autore musica SPICS: 10868 |
| 9 (RLIN) | 855 |
| 245 ## - TITLE STATEMENT | |
| Title | Natale ancora |
| 250 ## - EDITION STATEMENT | |
| Edition statement | 1a ed. |
| 260 ## - PUBLICATION, DISTRIBUTION, ETC. (IMPRINT) | |
| Place of publication, distribution, etc. | ALBANO |
| 260 ## - PUBLICATION, DISTRIBUTION, ETC. (IMPRINT) | |
| Name of publisher, distributor, etc. | EP - MUSICALI E DISCOGRAFICHE |
| Date of publication, distribution, etc. | 1985 [1a Ed.:1985 - Ed. Lingua Orig.: 1985] |
| 300 ## - PHYSICAL DESCRIPTION | |
| Extent | MUSICASSETTA |
| 300 ## - PHYSICAL DESCRIPTION | |
| Dimensions | 40 minuti (Testo: pag.) |
| 500 ## - GENERAL NOTE | |
| General note | Canti natalizi per bambini |
| 505 ## - FORMATTED CONTENTS NOTE | |
| Formatted contents note | Babbo Natale - La verità del Natale - L'alberello di Natale - Din don dan di Natale - Sogni di Natale - Guarda il cielo - Luci di Natale - Bianco Natale - Preghiera di Natale - La canzone di Natale - Un lampione sopra il tetto - Una stellina alla finestra - Le vacanze di Natale - Filastrocca di Natale - E' tornata la Befana |
| 650 ## - SUBJECT ADDED ENTRY--TOPICAL TERM | |
| Topical term or geographic name as entry element | RELIGIOSO [CASSETTE] |
| Relator term | Codice MATERIA SPICS: 9951 |
| 9 (RLIN) | 785 |
| 700 ## - ADDED ENTRY--PERSONAL NAME | |
| Personal name | Di Mario Angelo |
| Miscellaneous information | Codice autore SPICS: 10868 |
| Relator term | Autore |
| 9 (RLIN) | 2089 |
| 700 ## - ADDED ENTRY--PERSONAL NAME | |
| Personal name | Tombolato Pino |
| Relator term | Autore testo e musica |
| Miscellaneous information | Codice autore testo/musica SPICS: 10145 |
| 9 (RLIN) | 2090 |
| 942 ## - ADDED ENTRY ELEMENTS (KOHA) | |
| Koha item type | MUSICASSETTE |
| Source of classification or shelving scheme | Dewey Decimal Classification |
| Withdrawn status | Lost status | Damaged status | Not for loan | Home library | Current library | Date acquired | Total Checkouts | Full call number | Date last seen | Price effective from | Koha item type | Public note |
|---|---|---|---|---|---|---|---|---|---|---|---|---|
| Buone Condizioni | Not For Loan | SPICS-MEDIATECA | SPICS-MEDIATECA | 25/10/2013 | 20547 | 25/10/2013 | 25/10/2013 | MUSICASSETTE | Progr. Ins.: 3854 / N.Vol.: 1 / Copie: 1 - Copia rara: n.d. / date import: 01.01.2014 - By Epidotti, Trombetti, Vaglietti |